000
00298nam a22001337a 4500
008
170908b xxu||||| |||| 00| 0 eng d
020
_a
9781589480032
041
_a
eng
080
_a
91
100
_a
42
101
_a
GJEO
245
_a
UNDERSTANDING MAP PROJECTIONS
_c
KENNEDY,M
942
_2
udc
_c
BK
999
_c
26719
_d
26719